[Event "Groningen op"]
[Site "Groningen"]
[Date "1991.??.??"]
[Round "3"]
[White "Stone, Raymond"]
[Black "Kohlweyer, Bernd"]
[Result "1/2-1/2"]
[WhiteElo "2355"]
[BlackElo "2405"]

1.d4 Nf6 2.c4 e6 3.Nf3 b6 4.g3 Ba6 5.b3 Bb4+ 6.Bd2 Be7 7.Bg2 c6 8.Bc3 d5
9.Nbd2 O-O 10.O-O Nbd7 11.Re1 Bb7 12.e4 dxe4 13.Nxe4 c5 14.Nfd2 cxd4 15.Bxd4 Qc7
16.Qe2 Rfe8 17.Rad1 Rad8 18.Bb2 h6 19.Nxf6+ Bxf6 20.Bxf6 Nxf6 21.Ne4 Bxe4  1/2-1/2

[Event "ISL-ch playoff"]
[Site "Grundarfjordur"]
[Date "1991.??.??"]
[Round "1"]
[White "Petursson, Margeir"]
[Black "Olafsson, Helgi"]
[Result "1/2-1/2"]
[WhiteElo "2515"]
[BlackElo "2595"]

1.d4 Nf6 2.c4 e6 3.Nf3 b6 4.g3 Ba6 5.b3 Bb4+ 6.Bd2 Be7 7.Bg2 c6 8.Bc3 d5
9.Ne5 Nfd7 10.Nxd7 Nxd7 11.Nd2 O-O 12.O-O Rc8 13.e4 dxe4 14.Bxe4 c5 15.d5 exd5
16.Bxd5 Bf6 17.Ne4 Bxc3 18.Nxc3 Nf6 19.Bg2 Rc7 20.Qc2 Re7 21.Rad1 Qb8 22.Rd3 Rd8
23.Rfd1 Rxd3 24.Qxd3 h6 25.Bc6 Re6 26.Bf3 Qe5 27.Rd2 g6 28.Kg2 Kg7 29.h4 Bc8
30.Re2 Qc7 31.Nb5 Qe7 32.Rxe6 Bxe6 33.Qd2 Bf5  1/2-1/2

[Event "Hamburg SKA"]
[Site "Hamburg"]
[Date "1991.??.??"]
[Round "?"]
[White "Jussupow, Artur"]
[Black "Bischoff, Klaus"]
[Result "1-0"]
[WhiteElo "2605"]
[BlackElo "2495"]

1.d4 e6 2.c4 Nf6 3.Nf3 b6 4.g3 Ba6 5.b3 Bb7 6.Bg2 Bb4+ 7.Bd2 Be7 8.O-O O-O
9.Nc3 Na6 10.Rc1 c5 11.Bf4 d5 12.Ne5 h6 13.cxd5 exd5 14.Nd3 cxd4 15.Nb5 Nc5
16.Nxd4 a5 17.Nf5 Re8 18.Be3 Nfe4 19.Nxe7+ Qxe7 20.Nf4 Qd6 21.Bd4 Rad8 22.Rc2 Ng5
23.Bxc5 bxc5 24.Qc1 Ne4 25.Nd3 Rc8 26.Bxe4 dxe4 27.Nxc5 Qc6 28.Qe3 Ba8 29.Rfc1 Rcd8
30.Na4 Qf6 31.Rc7 Bd5 32.Nc3 Be6 33.Nxe4 Qb2 34.R7c2 Qe5 35.Rc5 Bd5 36.Nc3 Qb8
37.Qf4  1-0

[Event "Hamburg SKA"]
[Site "Hamburg"]
[Date "1991.??.??"]
[Round "?"]
[White "Piket, Jeroen"]
[Black "Bischoff, Klaus"]
[Result "1-0"]
[WhiteElo "2550"]
[BlackElo "2495"]

1.d4 e6 2.c4 Nf6 3.Nf3 b6 4.g3 Ba6 5.Nbd2 Bb4 6.Qc2 Bb7 7.Bg2 Be4 8.Qb3 Bxd2+
9.Bxd2 d6 10.O-O Nbd7 11.Rfd1 O-O 12.Rac1 Qe7 13.Qa3 a5 14.Bh3 h6 15.Ne5 Rae8
16.Nxd7 Nxd7 17.Be3 Bc6 18.c5 bxc5 19.dxc5 d5 20.Qxa5 Nf6 21.Qa6 Qd7 22.Qd3 Ra8
23.a3 Qe7 24.b4 Ba4 25.Re1 c6 26.Bd4 e5 27.Bb2 Bb5 28.Qe3 Rfe8 29.Bf1 d4
30.Qd2 Nd5 31.e3 Bxf1 32.Rxf1 Qg5 33.Rce1 Rad8 34.h4 dxe3 35.Qxd5 Qg4 36.Qxc6 e2
37.Qb5 exf1=Q+ 38.Qxf1 Qf3 39.Qe2 Qd5 40.Bc1 Re6 41.Qc2 Qa8 42.Be3 Rb8 43.Qb3 g5
44.h5 Qf3 45.b5 Qxh5 46.Qc4 Qf3 47.a4 Kg7 48.c6 Ree8 49.c7 Rbc8 50.b6 f5
51.a5 f4 52.Qe2 Qd5 53.Bd2 f3 54.Qe3 e4 55.Bc3+ Kg6 56.Qd4 Qf5 57.Qg7+ Kh5
58.b7 Rxc7 59.Qxc7 e3 60.g4+ Qxg4+ 61.Qg3  1-0

[Event "Hamburg SKA"]
[Site "Hamburg"]
[Date "1991.??.??"]
[Round "?"]
[White "Wegner, Hannu"]
[Black "Bischoff, Klaus"]
[Result "1/2-1/2"]
[WhiteElo "2435"]
[BlackElo "2495"]

1.d4 e6 2.c4 Nf6 3.Nf3 b6 4.g3 Ba6 5.Qa4 Bb7 6.Bg2 c5 7.dxc5 Bxc5 8.Nc3 O-O
9.O-O Be7 10.Rd1 Na6 11.Be3 Qb8 12.Rac1 Nc5 13.Qc2 Rd8 14.Bd4 Nce4 15.b3 Nxc3
16.Qxc3 Qc7 17.Qb2 Rac8 18.a4 Be4 19.Ne1 Bxg2 20.Nxg2 Qb7  1/2-1/2

[Event "Hamburg HSK"]
[Site "Hamburg"]
[Date "1991.??.??"]
[Round "2"]
[White "Haik, Aldo"]
[Black "Doery, Jeno"]
[Result "1/2-1/2"]
[WhiteElo "2435"]
[BlackElo "2320"]

1.d4 Nf6 2.c4 e6 3.Nf3 b6 4.g3 Ba6 5.b3 Bb4+ 6.Bd2 Be7 7.Bg2 c6 8.O-O d5
9.Bc3 Nbd7 10.Nbd2 O-O 11.Re1 Bb7 12.Ne5 c5 13.Nxd7 Qxd7 14.dxc5 bxc5 15.cxd5 exd5
16.Bxf6 Bxf6 17.Rc1 Be7 18.e4 d4 19.Nc4 Rac8 20.Qd3 Ba6 21.e5 Bxc4 22.bxc4 Rb8
23.Bd5 Qc7 24.Re2 Rb6 25.Rb1 Rfb8 26.Rb3 Rxb3 27.axb3 g6 28.h4 Kg7 29.Re4 Rf8
30.h5 f5 31.exf6+ Rxf6 32.Qd2 h6 33.Qe2 Bf8 34.Re6 Qd8 35.Re8 Qc7 36.hxg6 Rxg6
37.Be4 Rg5 38.Qf3 Qf7 39.Qxf7+ Kxf7 40.Ra8 Re5 41.Rxa7+ Re7 42.Rxe7+ Bxe7
43.f4 Bd8 44.Kf2 Ba5 45.g4 Kf6 46.Kf3 Bd2 47.Bd3 Bb4 48.Ke4 Ba3 49.Be2 Bb4  1/2-1/2

[Event "Hania op"]
[Site "Hania"]
[Date "1991.??.??"]
[Round "5"]
[White "Blees, Albert"]
[Black "Maksimovic, Branimir"]
[Result "1/2-1/2"]
[WhiteElo "2380"]
[BlackElo "2380"]

1.d4 Nf6 2.c4 e6 3.Nf3 b6 4.g3 Ba6 5.Nbd2 Be7 6.e4 d5 7.cxd5 Bxf1 8.Kxf1 exd5
9.e5 Nfd7 10.Kg2 Nf8 11.Nf1 Ne6 12.Ne3 Qd7 13.Qd3 Nc6 14.Bd2 a5 15.a3 O-O
16.Nf5 Rae8 17.Rac1 Bd8 18.Rhe1 Ne7 19.Ne3 Ng6 20.Kg1 a4 21.h4 f6 22.exf6 Bxf6
23.h5 Ngf4 24.gxf4 Nxf4 25.Qf5 Qxf5 26.Nxf5 Ne2+ 27.Rxe2 Rxe2 28.Rxc7 Bd8
29.Rxg7+ Kh8 30.Rd7 Rxf5 31.Rxd8+ Kg7 32.Kf1 Re4 33.Rd7+ Kg8 34.Ng5 Rh4 35.Nxh7 Rhxh5
36.Ng5 Rh1+ 37.Kg2 Rb1 38.Ne6 Rxb2 39.Bf4 Re2 40.Be5 Rexf2+ 41.Kh3 b5 42.Kh4 Rg2
43.Ng5 Rff2 44.Kh5 b4 45.axb4 a3 46.Rxd5 a2 47.Ra5 Rf5 48.Ra8+ Rf8 49.Ra6 Rf5  1/2-1/2

[Event "HUN-ch"]
[Site "HUN"]
[Date "1991.??.??"]
[Round "2"]
[White "Polgar, Zsuzsa"]
[Black "Sax, Gyula"]
[Result "0-1"]
[WhiteElo "2535"]
[BlackElo "2600"]

1.d4 Nf6 2.c4 e6 3.Nf3 b6 4.g3 Ba6 5.b3 Bb4+ 6.Bd2 Be7 7.Bg2 c6 8.O-O d5
9.Ne5 Nfd7 10.Nxd7 Nxd7 11.Bc3 O-O 12.Nd2 b5 13.c5 e5 14.dxe5 Nxc5 15.Rc1 Bb7
16.Bb2 a5 17.f4 a4 18.f5 Bg5 19.Bd4 Nd7 20.b4 Re8 21.Nf3 Bxc1 22.Qxc1 Qc7
23.Qc3 Nb6 24.Ng5 Nc4 25.e6 f6 26.Nh3 Ne5 27.Nf4 Qd6 28.Nd3 Nxd3 29.exd3 Qe7
30.a3 Rac8 31.g4 h6 32.h4 c5 33.bxc5 Bc6 34.g5 Rf8 35.gxh6 gxh6 36.Rf3 Kh7
37.Rg3 Rg8 38.Qe1 b4 39.axb4 a3 40.Rg6 Rxg6 41.fxg6+ Kxg6 42.Qg3+ Kh7 43.h5 Rg8
44.Qh3 Rg5 45.Qe3 a2 46.b5 Qxc5 47.Bxc5 a1=Q+ 48.Kh2 Rxg2+ 49.Kxg2 d4+ 50.bxc6 dxe3
51.e7 Qa8  0-1

[Event "HUN-ch"]
[Site "HUN"]
[Date "1991.??.??"]
[Round "4"]
[White "Horvath, Jozsef"]
[Black "Sax, Gyula"]
[Result "1/2-1/2"]
[WhiteElo "2540"]
[BlackElo "2600"]

1.d4 Nf6 2.c4 e6 3.Nf3 b6 4.g3 Ba6 5.b3 Bb4+ 6.Bd2 Be7 7.Bg2 c6 8.Bc3 d5
9.Ne5 Nfd7 10.Nxd7 Nxd7 11.Nd2 O-O 12.O-O f5 13.Bb2 Nf6 14.Rc1 Bd6 15.Nf3 Qe7
16.Ne5 Rac8 17.Nd3 Ng4 18.Rc2 h5  1/2-1/2

[Event "HUN-ch"]
[Site "HUN"]
[Date "1991.??.??"]
[Round "9"]
[White "Horvath, Jozsef"]
[Black "Portisch, Lajos"]
[Result "1/2-1/2"]
[WhiteElo "2540"]
[BlackElo "2570"]

1.d4 Nf6 2.c4 e6 3.Nf3 b6 4.g3 Ba6 5.b3 Bb4+ 6.Bd2 Be7 7.Bg2 c6 8.Bc3 d5
9.Nbd2 Nbd7 10.O-O O-O 11.Re1 c5 12.e4 Nxe4 13.Nxe4 dxe4 14.Rxe4 Bf6 15.Re3 Bb7
16.Ne5 Bxg2 17.Kxg2 cxd4 18.Bxd4 Nxe5 19.Bxe5 Bxe5 20.Rxe5 Qc7 21.Re3 Rad8
22.Qf3 Rd2 23.Rd3 Rxd3 24.Qxd3 Rd8 25.Qe4 h6 26.Re1 Qc5 27.Qe5 Qc6+ 28.Qe4 Qd6
29.Qe5 Qe7 30.Re2 Rd1 31.h4 Kf8 32.Qb8+ Rd8 33.Qf4 Qd7 34.Qe4 Qd6 35.Re3 Ke7
36.Re2 Qd3 37.Qxd3 Rxd3 38.Rc2 Kd6 39.Kf1 Kc5 40.Ke2 Rd4 41.a3 a5 42.Rc3 e5
43.h5 f6 44.Ke3 Rg4 45.Rd3 a4 46.Rd5+ Kc6 47.Kf3 Rg5 48.bxa4 Rxh5 49.Kg2 Rg5
50.f3 e4 51.fxe4 Re5 52.Kf3 h5 53.Ke3 g5 54.Kf3 Kc7 55.Rb5 Kc6  1/2-1/2

[Event "Jyvaskyla op"]
[Site "Jyvaskyla"]
[Date "1991.??.??"]
[Round "5"]
[White "Ruban, Vadim"]
[Black "Veingold, Aleksandr"]
[Result "1/2-1/2"]
[WhiteElo "2570"]
[BlackElo "2465"]

1.d4 Nf6 2.c4 e6 3.Nf3 b6 4.g3 Ba6 5.b3 Bb4+ 6.Bd2 Be7 7.Nc3 c6 8.e4 d5 9.e5 Ne4
10.Bd3 Nxc3 11.Bxc3 Bb7 12.O-O c5 13.dxc5 dxc4 14.bxc4 Bxc5 15.Qe2 Nc6 16.Rad1 Qe7
17.Be4 Rd8 18.Qc2 h6 19.Qa4 Rxd1 20.Rxd1 Qc7 21.h4 O-O 22.h5 f5 23.Bd3 Qf7
24.Be2 Qxh5 25.Rd7 Ba8 26.Kg2 f4 27.Qd1 fxg3 28.fxg3 Nxe5 29.Bxe5 Qxe5 30.Rd8 Qe3
31.Rxf8+ Bxf8 32.Kh3 Be4 33.Nh2 Qf2 34.Bf3 Qc2 35.Qe1 Bf5+ 36.g4 Bd6 37.Nf1 Bd3
38.Qxe6+ Kh7 39.Qxd6 Bxf1+ 40.Kg3 Bxc4 41.a3 Bd3 42.Qe6 Qc7+ 43.Kg2 Bg6 44.Bd5  1/2-1/2

[Event "Katowice op"]
[Site "Katowice"]
[Date "1991.??.??"]
[Round "1"]
[White "Titov, German"]
[Black "Slabek, Agnieszka"]
[Result "1-0"]
[WhiteElo "2480"]
[BlackElo "2165"]

1.Nf3 Nf6 2.c4 b6 3.d4 e6 4.g3 Ba6 5.b3 Bb4+ 6.Bd2 Be7 7.Bg2 c6 8.Bc3 O-O
9.Nbd2 d5 10.Ne5 Nfd7 11.Nd3 Bb7 12.e4 dxc4 13.Nxc4 c5 14.dxc5 Nxc5 15.Nxc5 Bxc5
16.O-O Qe7 17.Qg4 f5 18.Qf4 fxe4 19.Qg4 Nd7 20.Bxe4 Bxe4 21.Qxe4 Nf6 22.Qe2 Nd5
23.Bb2 Rf5 24.Ne5 Raf8 25.Nd3 Bd6 26.Rae1 Re8 27.f4 b5 28.Rc1 a6 29.Rc6 Nb4
30.Nxb4 Bxb4 31.Be5 Ba5 32.Rxa6 Qb7 33.Rd6 Rxe5 34.Qxe5 Bb6+ 35.Rxb6 Qxb6+
36.Kg2 Qc6+ 37.Kh3 h6 38.Re1 Qf3 39.Qxb5 Rf8 40.Qe2 Qc6 41.Qxe6+  1-0

[Event "Katowice op"]
[Site "Katowice"]
[Date "1991.??.??"]
[Round "3"]
[White "Itkis, Boris"]
[Black "Nikolenko, Oleg"]
[Result "1-0"]
[WhiteElo "2345"]
[BlackElo "2450"]

1.d4 Nf6 2.Nf3 e6 3.c4 b6 4.g3 Ba6 5.b3 d5 6.cxd5 exd5 7.Bg2 Bb4+ 8.Bd2 Bxd2+
9.Qxd2 O-O 10.O-O Ne4 11.Qb2 Re8 12.Rd1 Qf6 13.e3 c5 14.Nc3 Nxc3 15.Qxc3 Nd7
16.Ne1 Bb7 17.Rac1 Qd6 18.Nd3 Rac8 19.Qb2 cxd4 20.Qxd4 Nf6 21.Qb4 Qxb4 22.Nxb4 Kf8
23.Rxc8 Rxc8 24.Nxd5 Bxd5 25.Bxd5 Rc2 26.a4 Nxd5 27.Rxd5 Rb2 28.Rb5 Ke7 29.h4 g6
30.h5 Kf6 31.Kg2 gxh5 32.Rxh5 Rxb3 33.Rxh7 Rb4 34.a5 Kg6 35.Rh8 bxa5 36.Rc8 Ra4
37.Rc6+ Kg7 38.Kf3 Ra2 39.Ra6 a4 40.e4 Ra3+ 41.Kf4 Ra2 42.f3 Ra3 43.e5 Ra1
44.g4 a3 45.Kf5 a2 46.f4 Kg8 47.Rxa7 Kh8 48.e6 Rb1 49.e7  1-0

[Event "Katowice op"]
[Site "Katowice"]
[Date "1991.??.??"]
[Round "8"]
[White "Tunik, Gennady"]
[Black "Dydyshko, Viacheslav"]
[Result "1-0"]
[WhiteElo "2445"]
[BlackElo "2470"]

1.d4 Nf6 2.c4 e6 3.Nf3 b6 4.g3 Ba6 5.Qa4 Bb7 6.Bg2 c5 7.dxc5 Bxc5 8.O-O O-O
9.Nc3 Be7 10.Bf4 Na6 11.Rac1 Nc5 12.Qc2 a6 13.Rfd1 Qc8 14.b4 Nce4 15.Na4 Qd8
16.Nd2 b5 17.Nxe4 Bxe4 18.Bxe4 Nxe4 19.Qxe4 bxa4 20.Qb7 Qc8 21.Qxd7 Qxd7
22.Rxd7 Bxb4 23.c5 Rfc8 24.c6 Kf8 25.Rb7 a5 26.c7 Ke8 27.Rb8  1-0

[Event "Katowice op"]
[Site "Katowice"]
[Date "1991.??.??"]
[Round "10"]
[White "Tunik, Gennady"]
[Black "Balashov, Yuri S"]
[Result "1/2-1/2"]
[WhiteElo "2445"]
[BlackElo "2580"]

1.d4 Nf6 2.Nf3 e6 3.c4 b6 4.g3 Ba6 5.b3 Bb4+ 6.Bd2 Be7 7.Bg2 c6 8.Ne5 d5
9.Bc3 Nfd7 10.Nxd7 Nxd7 11.Nd2 O-O 12.O-O f5 13.a4 Rc8 14.Bb2 Nf6 15.e3 Bb4  1/2-1/2

[Event "Kecskemet GM"]
[Site "Kecskemet"]
[Date "1991.??.??"]
[Round "1"]
[White "Tratar, Marko"]
[Black "Arkhipov, Sergey"]
[Result "1/2-1/2"]
[WhiteElo "2340"]
[BlackElo "2500"]

1.d4 Nf6 2.c4 e6 3.Nf3 b6 4.g3 Ba6 5.b3 Bb4+ 6.Bd2 Be7 7.Bg2 c6 8.Bc3 d5
9.Ne5 Nfd7 10.Nxd7 Nxd7 11.Nd2 O-O 12.O-O Rc8 13.e4 b5 14.Re1 dxc4 15.bxc4 bxc4
16.Qa4 Bb5 17.Qc2 Nf6 18.a4 Ba6 19.Rad1 Re8 20.Nb1 Qc7 21.Bf1 Rcd8 22.Nd2 c5
23.Nxc4 Bxc4 24.Bxc4 cxd4 25.Bxd4 Rc8 26.Rc1 Bb4 27.Red1 Ba3 28.Ra1 Qxc4
29.Qxc4 Rxc4 30.Bxf6 gxf6 31.Rxa3 Rxe4 32.Rd7 a5 33.Ra7 Re5 34.Rc3 Kg7 35.Rcc7 Rf8
36.Kg2 Kg6 37.Rcb7 h5 38.h4 Rd5 39.Kf3 Kf5 40.Rb5 Rxb5 41.axb5 Rc8 42.Rxf7 Rc3+
43.Kg2 Rb3 44.Rh7 Kg6 45.Rb7 e5 46.b6 e4 47.Ra7 Rxb6 48.Rxa5 Rb2 49.Kf1  1/2-1/2

[Event "Kecskemet"]
[Site "Kecskemet"]
[Date "1991.??.??"]
[Round "3"]
[White "Sjoberg, Mats"]
[Black "Arkhipov, Sergey"]
[Result "1/2-1/2"]
[WhiteElo "2360"]
[BlackElo "2500"]

1.d4 Nf6 2.c4 e6 3.Nf3 b6 4.g3 Ba6 5.Qc2 c5 6.Bg2 Nc6 7.dxc5 Bxc5 8.O-O O-O
9.Qa4 Bb7 10.Nc3 Be7 11.Bf4 Na5 12.Nb5 a6 13.Nd6 Bc6 14.Qd1 Ne8 15.Nxe8 Rxe8
16.Rc1 Rc8 17.b3 Nb7 18.Qd4 d6 19.Be3 Nc5 20.Rfd1 Qc7 21.Qb2 Qb7 22.Bd4 Bf8
23.Ne1 Bxg2 24.Nxg2 b5 25.Ne3 Nd7 26.Rc2 Nb8 27.Rdc1 Nc6 28.Bc3 Qb6 29.b4 Qb7
30.a3 Nb8 31.Qb3 Nd7 32.Ba1 Nb6 33.Qd3 bxc4 34.Nxc4 Nxc4 35.Rxc4 d5 36.Rxc8 Rxc8
37.Rxc8 Qxc8 38.Qc3 Qd7 39.e3 f6 40.Kg2 Bd6 41.Qb3 Qb7  1/2-1/2

[Event "Kecskemet GM"]
[Site "Kecskemet"]
[Date "1991.??.??"]
[Round "3"]
[White "Hracek, Zbynek"]
[Black "Stajcic, Nikola"]
[Result "1-0"]
[WhiteElo "2485"]
[BlackElo "2345"]

1.d4 Nf6 2.c4 e6 3.Nf3 b6 4.g3 Ba6 5.Qa4 c5 6.dxc5 Bxc5 7.Bg2 Bb7 8.O-O O-O
9.Nc3 a6 10.Bf4 Be7 11.Rfd1 d6 12.Ng5 Bxg2 13.Kxg2 Qc7 14.Nge4 Nxe4 15.Nxe4 b5
16.Qc2 e5 17.Bg5 f6 18.Be3 f5 19.Nc3 Qxc4 20.Rac1 f4 21.Nd5 Qxc2 22.Rxc2 Bg5
23.Nc7 fxe3 24.Nxa8 exf2 25.Nc7 Rc8 26.Rxd6 Kf7 27.Rc3 Be7 28.Rd1 b4 29.Rc4 Bd8
30.Ne8 Rxc4 31.Nd6+ Ke6 32.Nxc4 Be7 33.Kxf2 Nc6 34.e3 e4 35.Ke2 a5 36.b3 g5
37.g4 Bc5 38.Rf1 Be7 39.Rf5 Bd8 40.Rc5 Kd7  1-0

[Event "Kecskemet GM"]
[Site "Kecskemet"]
[Date "1991.??.??"]
[Round "10"]
[White "Stajcic, Nikola"]
[Black "Arkhipov, Sergey"]
[Result "0-1"]
[WhiteElo "2345"]
[BlackElo "2500"]

1.d4 Nf6 2.c4 e6 3.Nf3 b6 4.g3 Ba6 5.Nbd2 c5 6.Bg2 Nc6 7.dxc5 Bxc5 8.O-O Rc8
9.a3 Be7 10.b4 Bb7 11.Bb2 O-O 12.Rc1 Rc7 13.Qb3 Qa8 14.Rfd1 Rfc8 15.Qa2 d6
16.Qa1 a5 17.b5 Ne5 18.Nxe5 Bxg2 19.Nd3 e5 20.c5 bxc5 21.Nc4 Bh3 22.Ne1 Rd8
23.Bc3 Ra7 24.a4 Be6 25.Nd2 Nd5 26.Ng2 Bg5 27.Rb1 Bf5 28.Nc4 Bxb1 29.Rxb1 Nxc3
30.Qxc3 Qe4 31.Rd1 d5 32.Nxa5 Qxa4 33.Ra1  0-1

[Event "JUG-ch"]
[Site "Kladovo"]
[Date "1991.??.??"]
[Round "7"]
[White "Nikolic, Nebojsa"]
[Black "Dizdarevic, Emir"]
[Result "1/2-1/2"]
[WhiteElo "2395"]
[BlackElo "2505"]

1.d4 Nf6 2.c4 e6 3.Nf3 b6 4.g3 Ba6 5.Qa4 Bb7 6.Bg2 c5 7.dxc5 Bxc5 8.O-O O-O
9.Nc3 Be7 10.Rd1 Na6 11.Be3 Qc8 12.Rac1 Rd8 13.Bd4 d6 14.h3 Nc5 15.Qc2 Ncd7
16.b3 a6 17.a4 Qc7 18.Qb2 Rac8 19.Ne1 Bxg2 20.Nxg2 Qb7 21.f3 Ne5 22.Nf4 Nc6
23.Bf2 Ne8 24.h4 Rd7 25.Kg2 Rcd8 26.b4 Ne5 27.Ne4 Nxc4 28.Rxc4 d5 29.Rcd4 dxe4
30.Rxd7 exf3+ 31.exf3 Rxd7 32.Rxd7 Qxd7 33.b5 axb5 34.Qxb5 Qxb5 35.axb5 Bd8
36.Ne2 Nd6 37.Nc3 Kf8 38.h5 Ke8 39.Kf1 Kd7 40.Ke2 Kc7 41.Kd3 Be7 42.Na4 Nc8
43.g4 Bd8 44.Nb2 Be7 45.Bd4 Bf6 46.h6 Bxd4 47.Kxd4 gxh6 48.Ke5 Nd6 49.Kf6 Nxb5
50.Kxf7 Nd4 51.f4 h5 52.gxh5 h6 53.f5 exf5 54.Kg6 f4 55.Kxh6 f3 56.Nd1 Ne6
57.Kg6 Kd6 58.Kf5 Ng7+ 59.Kg4 Nxh5 60.Kxh5 Ke5 61.Kg4 Ke4 62.Kg3 b5 63.Kf2 b4
64.Nb2  1/2-1/2

[Event "JUG-ch"]
[Site "Kladovo"]
[Date "1991.??.??"]
[Round "13"]
[White "Blagojevic, Dragisa"]
[Black "Dizdarevic, Emir"]
[Result "1-0"]
[WhiteElo "2425"]
[BlackElo "2505"]

1.d4 Nf6 2.c4 e6 3.Nf3 b6 4.g3 Ba6 5.b3 Bb7 6.Bg2 Bb4+ 7.Bd2 Be7 8.Nc3 O-O
9.O-O d5 10.cxd5 exd5 11.Ne5 Na6 12.Rc1 Re8 13.Na4 Bd6 14.Nd3 Qe7 15.Re1 Ne4
16.Bf4 Rad8 17.Bxd6 Rxd6 18.Nc3 c6 19.e3 Nc7 20.Re2 Nxc3 21.Rxc3 Nb5 22.Rcc2 h5
23.Ne5 c5 24.a4 Nc7 25.Nd3 cxd4 26.exd4 Ne6 27.Nf4 h4 28.Re5 hxg3 29.hxg3 Qd8
30.Rce2 Nc7 31.Qe1 Rf8 32.Re7 Bc8 33.Qc3 Bd7 34.R7e5 Ne6 35.Nxd5 Bc6 36.Ne7+ Qxe7
37.Bxc6 Qf6 38.d5 Ng5 39.Re7 Qh6 40.Re8 Rxe8 41.Rxe8+ Kh7 42.Qd3+ Rg6 43.Bd7 Nh3+
44.Kf1 Ng5 45.Kg2  1-0

[Event "Kobanya op"]
[Site "Kobanya"]
[Date "1991.??.??"]
[Round "9"]
[White "Yuferov, Sergey  N"]
[Black "Utasi, Tamas"]
[Result "1-0"]
[WhiteElo "2395"]
[BlackElo "2345"]

1.d4 Nf6 2.c4 e6 3.Nf3 b6 4.g3 Ba6 5.b3 Bb4+ 6.Bd2 Be7 7.Bg2 Bb7 8.Nc3 O-O
9.O-O c5 10.d5 exd5 11.Ne1 Ne4 12.Rc1 Bf6 13.cxd5 Nxd2 14.Qxd2 d6 15.Ne4 Be7
16.f4 Nd7 17.Nf3 b5 18.Nf2 Nb6 19.e4 a5 20.Rfd1 a4 21.b4 c4 22.Nd4 Qd7 23.Bh3 Qe8
24.Re1 Bf6 25.Ng4 Bxd4+ 26.Qxd4 Qd8 27.Ne3 a3 28.Rc2 f6 29.Be6+ Kh8 30.Rc3 Bc8
31.Nc2 Na4 32.Rxa3 Qe7 33.Bxc8 Rfxc8 34.Rae3 Qa7 35.Qxa7 Rxa7 36.Nd4 Rb7
37.R1e2 Kg8 38.Ra3 c3 39.Nc6 Rbc7 40.Rc2 Rxc6 41.dxc6 Rxc6 42.Kf2 Rc4 43.Ke3 f5
44.exf5 Kf7 45.Rxa4 bxa4 46.a3  1-0

[Event "Krasnodar"]
[Site "Krasnodar"]
[Date "1991.??.??"]
[Round "?"]
[White "Yuferov, Sergey  N"]
[Black "Obukhov, Alexander"]
[Result "1/2-1/2"]
[WhiteElo "2395"]
[BlackElo "2265"]

1.d4 Nf6 2.c4 e6 3.Nf3 b6 4.g3 Ba6 5.b3 Bb4+ 6.Bd2 Be7 7.Bg2 O-O 8.O-O d5
9.cxd5 exd5 10.Nc3 Bb7 11.Qc2 Na6 12.Rad1 Qc8 13.Bf4 c5 14.Be5 Rd8 15.Ng5 Nb4
16.Qb1 h6 17.Bh3 Qc6 18.Bxf6 Bxf6 19.Qh7+ Kf8 20.Nf3 Bc8 21.Bxc8 Raxc8 22.e4 cxd4
23.Ne2 dxe4 24.Nfxd4 Bxd4 25.Rxd4 Nd5 26.Qh8+ Ke7 27.Qxg7 Qe6 28.Ra4 a5 29.Qh7 Nf6
30.Qxh6 Rh8 31.Qf4 Qh3 32.Rd1 Qxh2+ 33.Kf1 Qh3+ 34.Ke1 Qh1+ 35.Kd2 Rhd8+
36.Rd4 Qh5 37.Ke1 Qh1+ 38.Kd2 Qf3 39.Qe5+ Kf8 40.Rc1 Rxd4+ 41.Qxd4 Rxc1 42.Nxc1 Ng4  1/2-1/2

[Event "Krumbach op"]
[Site "Krumbach"]
[Date "1991.??.??"]
[Round "2"]
[White "Sinkovics, Peter"]
[Black "Bischoff, Klaus"]
[Result "1/2-1/2"]
[WhiteElo "2370"]
[BlackElo "2495"]

1.d4 Nf6 2.Nf3 e6 3.c4 b6 4.g3 Ba6 5.b3 Bb7 6.Bg2 Bb4+ 7.Bd2 Be7 8.O-O O-O
9.Bc3 d5 10.Nbd2 Na6 11.Ne5 c5 12.Re1 Rc8 13.Bb2 cxd4 14.Bxd4 Bc5 15.Bxc5 Nxc5
16.Rc1 Qe7 17.cxd5 Nxd5 18.Ndc4 Rfd8 19.Qd4 f6 20.Ng4 Nb4 21.Qb2 Bxg2 22.Kxg2 b5
23.Na5 h5 24.Ne3  1/2-1/2

[Event "Lenk op"]
[Site "Lenk"]
[Date "1991.??.??"]
[Round "1"]
[White "Tukmakov, Vladimir B"]
[Black "Van Doeland, Julius H"]
[Result "1/2-1/2"]
[WhiteElo "2520"]
[BlackElo "2085"]

1.d4 Nf6 2.c4 e6 3.Nf3 b6 4.g3 Ba6 5.b3 Bb4+ 6.Bd2 Be7 7.Bg2 Bb7 8.O-O c5
9.dxc5 bxc5 10.Nc3 O-O 11.Bc1 Ne4 12.Bb2 Nxc3 13.Bxc3 Qc7 14.Qc2 d6 15.Qb2 e5
16.Ne1 Nc6 17.Nc2 Bd8 18.Ne3 Ne7 19.Bxb7 Qxb7 20.Rad1 Bc7 21.Nd5 Nxd5 22.Rxd5 Rac8
23.Rfd1 Rfd8 24.Qd2 Bb8 25.f4 f6 26.f5 Rf8 27.e4 g5 28.Qe2 Qa6 29.g4 Kg7
30.R5d3 Rh8 31.Rh3 h6 32.Rh5 Rh7 33.h4 Rch8 34.Rd3 Bc7 35.Rh3 Bd8 36.Kf2 Be7
37.Kf3 Qb7 38.Rh1 Qc6 39.Qh2 Qe8 40.hxg5 fxg5 41.Rd1 Rf8 42.Rd5 Qc6 43.Qd2 Rf7
44.Rh1 Rf8 45.b4 cxb4 46.Bxb4 h5 47.gxh5 Qxc4 48.Rxe5 g4+ 49.Kg3 dxe5 50.Bxe7 Qxe4
51.Bxf8+ Kxf8 52.Qd8+ Kf7 53.Qd7+ Kf8 54.Qc8+ Kf7 55.Qc7+ Ke8 56.Qb8+ Kf7
57.Qxa7+ Ke8 58.Qb8+ Kf7 59.Qc7+ Kf8 60.Qb8+ Kf7 61.Qb3+ Kf8 62.Qb8+ Kf7
63.Qc7+ Kf8 64.Qd8+ Kf7 65.Qd7+ Kf8 66.Qxh7 Qf3+ 67.Kh4 Qxh1+ 68.Kxg4 Qg1+
69.Kh4 Qf2+ 70.Kg5 Qe3+ 71.Kf6 Qb6+ 72.Kxe5 Qc5+ 73.Kf4 Qd4+ 74.Kg5 Qe3+  1/2-1/2

[Event "Lenk op"]
[Site "Lenk"]
[Date "1991.??.??"]
[Round "2"]
[White "Zueger, Beat"]
[Black "Ambroz, Jan"]
[Result "1/2-1/2"]
[WhiteElo "2425"]
[BlackElo "2425"]

1.d4 Nf6 2.c4 e6 3.Nf3 b6 4.g3 Ba6 5.b3 c6 6.Bg2 Bb4+ 7.Bd2 Be7 8.Bc3 O-O
9.Nbd2 d5 10.Ne5 Nfd7 11.Nxd7 Nxd7 12.O-O f5 13.b4 Nf6 14.a4  1/2-1/2

[Event "Lyngby op"]
[Site "Lyngby"]
[Date "1991.??.??"]
[Round "7"]
[White "Antonsen, Mikkel"]
[Black "Kristensen, Kaare"]
[Result "1-0"]
[WhiteElo "2325"]
[BlackElo "2300"]

1.d4 Nf6 2.c4 e6 3.Nf3 b6 4.g3 Ba6 5.b3 b5 6.cxb5 Bxb5 7.Bg2 c5 8.O-O d5
9.Nc3 Bc6 10.Ne5 Bb7 11.Ba3 Qa5 12.Na4 Nbd7 13.Nxd7 Nxd7 14.Rc1 Rc8 15.dxc5 Nxc5
16.Bxc5 Bxc5 17.Nxc5 Rxc5 18.Qd4 Rxc1 19.Rxc1 O-O 20.a4 Rc8 21.Rxc8+ Bxc8
22.Bf3 h6 23.Kg2 Bb7 24.Qe5 Kh7 25.Be4+ g6 26.h4 Qb4 27.Bd3 Qxb3 28.h5 d4+
29.f3 Bd5 30.Qxd4 Qb7 31.Qf6 Kg8 32.hxg6 fxg6 33.Qxg6+ Qg7 34.Qe8+ Qf8 35.Qd7 Qf7
36.Qd6 Kg7 37.a5 Qf6 38.a6 h5 39.Qc7+ Qf7 40.Qe5+ Kh6 41.Qh8+ Kg5 42.e4 Bc6
43.f4+ Kg6 44.Kh2 Qd7 45.Qg8+ Kh6 46.Qg5+ Kh7 47.Qxh5+ Kg7 48.Qe5+ Kg8 49.Bc4 Kf7
50.f5 Qd2+ 51.Kh3 Qh6+ 52.Kg4  1-0

[Event "Wch U20"]
[Site "Mamaia"]
[Date "1991.??.??"]
[Round "?"]
[White "Seres, Lajos"]
[Black "Ong Chong Ghee"]
[Result "1-0"]
[WhiteElo "2305"]
[BlackElo "2240"]

1.d4 Nf6 2.Nf3 e6 3.c4 b6 4.g3 Ba6 5.Qa4 Bb7 6.Bg2 c5 7.O-O cxd4 8.Nxd4 Qc8
9.Nc3 Bxg2 10.Kxg2 Be7 11.e4 Qb7 12.f3 O-O 13.Rd1 d6 14.Ndb5 Rd8 15.Bf4 Ne8
16.Nxd6 Bxd6 17.Bxd6 Na6 18.Nb5 Nc5 19.Bxc5 bxc5 20.Rxd8 Rxd8 21.Rd1 Rxd1
22.Qxd1 Qe7 23.e5 a6 24.Nc3 f6 25.exf6 gxf6 26.b3 Nd6 27.Qd3 Nf5 28.Ne4 h5
29.Qd2 Kg7 30.Qf2 Qd7 31.Nxc5 Qd6 32.b4 Qe5 33.Ne4 Kg6 34.c5 Qd5 35.Qd2 Nd4
36.a3 e5 37.Qd3 f5 38.Qxa6+ Ne6 39.Qd6 Qa2+ 40.Nf2 e4 41.fxe4 fxe4 42.Qc6  1-0

[Event "Miedzybrodzie op"]
[Site "Miedzybrodzie"]
[Date "1991.??.??"]
[Round "1"]
[White "Jaworski, Miroslaw"]
[Black "Ionov, Sergey"]
[Result "1/2-1/2"]
[WhiteElo "2290"]
[BlackElo "2515"]

1.d4 Nf6 2.Nf3 e6 3.c4 b6 4.g3 Ba6 5.b3 d5 6.cxd5 exd5 7.Bg2 Bd6 8.Nc3 Nbd7
9.O-O O-O 10.Ne1 Re8 11.Nd3 c6 12.Bf4 Bf8 13.Rc1 Rc8 14.Qd2 h6 15.Bh3 Ra8
16.Rfd1 Qe7 17.Ne5 Nxe5 18.Bxe5 Nd7 19.Bf4 g5 20.Be3 Nf6 21.Qc2 Qd6 22.Re1 Re7
23.Nd1 Bc8 24.Bg2 Bd7 25.f3 Rae8 26.Bf2 Bg7 27.Nc3 Qb4 28.Nb1 g4 29.a3 Qa5
30.b4 Qa6 31.Bf1 Qc8 32.Red1 gxf3 33.exf3 Nh7 34.h4 Qb8 35.b5 cxb5 36.Nc3 Qd6
37.Nxb5 Bxb5 38.Bxb5 Rd8 39.Qd3 Rc7 40.Rc3 Rxc3 41.Qxc3 Nf8 42.Rc1  1/2-1/2

[Event "FRA-ch Acc"]
[Site "Montpellier"]
[Date "1991.??.??"]
[Round "4"]
[White "Olivier, Pierre"]
[Black "Schabanel, Stephane"]
[Result "1/2-1/2"]
[WhiteElo "2210"]
[BlackElo "2235"]

1.d4 Nf6 2.c4 e6 3.Nf3 b6 4.g3 Ba6 5.Qa4 Bb7 6.Bg2 c5 7.dxc5 bxc5 8.O-O Be7
9.Nc3 O-O 10.Rd1 d6 11.Bf4 Qb6 12.Qb5 Qc7 13.Qa4 Qb6 14.Qb5 Qc7 15.Qa4 a6
16.Rd2 Nc6 17.Qd1 Rfd8 18.h3 h6 19.g4 Nd4 20.e3 Nxf3+ 21.Bxf3 Bc6 22.b3 Qb7
23.Bxc6 Qxc6 24.Rc1 Rd7 25.Qe2 Rad8 26.e4 Ne8  1/2-1/2

[Event "FRA-ch Acc"]
[Site "Montpellier"]
[Date "1991.??.??"]
[Round "11"]
[White "Bernard, Christophe"]
[Black "Eliet, Renaud"]
[Result "1-0"]
[WhiteElo "2295"]
[BlackElo "2140"]

1.d4 Nf6 2.Nf3 e6 3.c4 b6 4.g3 Ba6 5.Qa4 c6 6.Nc3 d5 7.Ne5 Nfd7 8.cxd5 b5
9.Qb3 Nxe5 10.dxe5 cxd5 11.e4 b4 12.Bxa6 Nxa6 13.Qa4+ Qd7 14.Qxa6 bxc3 15.bxc3 Bc5
16.exd5 Qxd5 17.Qa4+ Ke7 18.O-O Qxe5 19.Rb1 Rhc8 20.Qh4+ Kf8 21.Qxh7 Bb6
22.Ba3+ Bc5 23.Rb7  1-0

[Event "Moscow3"]
[Site "Moscow"]
[Date "1991.??.??"]
[Round "?"]
[White "Naumkin, Igor"]
[Black "Lerner, Konstantin Z"]
[Result "1/2-1/2"]
[WhiteElo "2505"]
[BlackElo "2545"]

1.d4 Nf6 2.c4 e6 3.Nf3 b6 4.g3 Ba6 5.b3 Bb4+ 6.Bd2 Be7 7.Bg2 c6 8.Bc3 d5
9.Nbd2 Nbd7 10.O-O O-O 11.Re1 c5 12.e4 dxc4 13.bxc4 cxd4 14.Nxd4 Ne5 15.Nxe6 fxe6
16.Bxe5 Bc5 17.Rf1 Qd3 18.Bf4 Bxc4 19.Nxc4 Qxc4 20.Qb3  1/2-1/2